| 000 | 01225naa a22002897a 4500 | ||
|---|---|---|---|
| 001 | BR9401612 | ||
| 003 | BR-BrBNA | ||
| 005 | 20240918180950.0 | ||
| 007 | ta | ||
| 008 | 230509b bl.||||| |||| 00| 0 por d | ||
| 040 |
_aBR-BrBNA _bpor _cBiblioteca Nacional de Agricultura |
||
| 041 | _a(Pt) | ||
| 072 |
_aJ11 _b9205 |
||
| 090 | _aJ11 BR9401612 | ||
| 100 | 1 | _aCypriano, L.A. | |
| 100 | 1 | _aLeite, C.A.M. | |
| 111 | 1 |
_a26. Congresso Brasileiro de Economia e Sociologia Rural _cFortaleza, CE (Brazil) _d01-05 Aug 1988 |
|
| 245 | 1 | _aAnalise da viabilidade economica de armazenamento de graos em propriedades agricolas do Estado de Minas Gerais | |
| 260 | 3 |
_aBrasilia, DF (Brasil): _c1988. |
|
| 500 | _aAnais do 26. Congresso Brasileiro de Economia e Sociologia Rural. O estado e a agricultura. Trabalhos de pesquisa Brasilia, DF (Brasil): 1988. v. 2 p. 662-670 (BR9401612-AM)J11 | ||
| 650 | _aGrao | ||
| 650 | _aPropriedade Rural | ||
| 650 | _aArmazenamento | ||
| 773 | 0 |
_tAnais do 26. Congresso Brasileiro de Economia e Sociologia Rural. O estado e a agricultura. Trabalhos de pesquisa _wJ11 BR9401612 _gBrasilia, DF (Brasil), 1988. v. 2 p. 662-670 |
|
| 909 |
_a202404 _bLucia _c55 _dLucia Elande |
||
| 942 |
_cAM _2AGRIS |
||
| 999 |
_c322899 _d322899 |
||